Statistiques concernant Effectif détaillé du Havre AC saison 2023-2024

Cliquez ici pour prendre le quiz!

Statistiques générales

  • Ce quiz a été pris 20 fois
  • Le résultat moyen est 15 sur 36

Statistiques - réponses

NationalitéAncien clubPosteNuméroRéponse% Correct
SlovénieStandard de LiègeCoachLuka Elsner
88%
FranceClermont Foot 63Gardien30Arthur Desmas
71%
FranceOlympique LyonnaisGardien1Mathieu Gorgelin
71%
Côte d'IvoireFormé au HACGardien16Mohamed Koné
71%
MarocFormé au HACMilieu8Yassine Kechta
65%
SénégalFormé au HACDéfenseur93Arouna Sangante
59%
Côte d'IvoireKAA La GantoiseDéfenseur27Christopher Operi
59%
FranceAJ AuxerreDéfenseur4Gautier Lloris
59%
HongrieMOL FehérvarDéfenseur7Loic Nego
59%
MarocESTAC TroyesDéfenseur17Oualid El Hajjam
59%
MarocOlympique de MarseilleMilieu5Oussama Targhalline
59%
FranceOlympiakos BDéfenseur6Etienne Youté
53%
FranceLos Angeles GalaxyAttaquant29Samuel Grandsir
53%
FranceOlympiakos NicosieMilieu25Alois Confais
47%
GuadeloupeFormé au HACAttaquant23Josué Casimir
47%
Guyane FrançaiseESTAC TroyesDéfenseur22Yoann Salmier
47%
RussieZénith Saint-PétersbourgMilieu14Daler Kuzyaev
41%
Etats-UnisOdense BKMilieu99Emmanuel Sabbi
41%
FranceAS MonacoAttaquant10Nabil Alioui
41%
FranceFC Sochaux-MontbéliardAttaquant9Yann Kitala
35%
FranceGenoa CFCMilieu94Abdoulaye Touré
29%
FranceAPOEL NicosieMilieu15Kandet Diawara
29%
CongoStade de ReimsMilieu18Nolan Mbemba
29%
FranceAmiens SCAttaquant11Quentin Cornette
29%
SénégalFC Sochaux-MontbéliardMilieu19Rassoul Ndiaye
29%
FranceFormé au HACAttaquant13Steve Ngoura
29%
FranceFormé au HACAttaquant21Antoine Joujou
24%
FranceFC Lorient BDéfenseur24Cheick Doumbia
24%
SénégalBeerschot VAAttaquant45Issa Soumaré
24%
FranceFormé au HACMilieu12Mathéo Bodmer
24%
FranceFormé au HACDéfenseur35Yoni Gomis
24%
FranceFormé au HACAttaquant20Andy Logbo
18%
FranceFormé au HACMilieu37Mokrane Bentoumi
12%
MauritanieChamois NiortaisAttaquantPape Bâ
12%
FranceFormé au HACMilieu26Simon Ebonog
6%
FranceAmiens SCDéfenseurMatéo Degrumelle
0%

Distribution des résultats

Percentile par nombre de réponses

% des personnes avec chaque résultat

Votre développement - résultats

Vous n’avez pas pris ce quiz